La migración mexicana altamente calificada de cara al siglo XX : problemática y desafíos /
Furkejuvvon:
| Váldodahkkit: | , , |
|---|---|
| Materiálatiipa: | Elektrovnnalaš E-girji |
| Giella: | espánnjágiella |
| Almmustuhtton: |
Ciudad de México :
Fondo de Cultura Económica,
2023.
|
| Preanttus: | Primera edición en libro electrónico. |
| Ráidu: | Colección ciencia para México.
|
| Fáttát: | |
| Liŋkkat: | Digitalia Hispánica |
| Fáddágilkorat: |
Lasit fáddágilkoriid
Eai fáddágilkorat, Lasit vuosttaš fáddágilkora!
|
MARC
| LEADER | 00000nam a2200000Ii 4500 | ||
|---|---|---|---|
| 001 | DIGFCE2275 | ||
| 003 | NyNyDIG | ||
| 006 | m o d | ||
| 007 | cr ||||||||||| | ||
| 008 | 240615t20232022mx a ob 000 0 spa d | ||
| 035 | |a (OCoLC)1388207424 | ||
| 040 | |a DGITA |b eng |e rda |e pn |c DGITA | ||
| 020 | |a 9786071678539 |q (electrónico-pdf) | ||
| 020 | |z 9786071677686 |q (rústica) | ||
| 043 | |a n-mx--- | ||
| 050 | 1 | 4 | |a JV7401 ebook |
| 100 | 1 | |a Delgado Wise, Raúl, |d 1950- |e author. | |
| 245 | 1 | 3 | |a La migración mexicana altamente calificada de cara al siglo XX : |b problemática y desafíos / |c Raúl Delgado Wise, Mónica Guadalupe Chávez Elorza, Selene Gaspar Olvera. |
| 250 | |a Primera edición en libro electrónico. | ||
| 264 | 1 | |a Ciudad de México : |b Fondo de Cultura Económica, |c 2023. | |
| 264 | 4 | |c ©2022 | |
| 300 | |a 1 online resource : |b illustrations. | ||
| 336 | |a text |b txt |2 rdacontent | ||
| 337 | |a computer |b c |2 rdamedia | ||
| 338 | |a online resource |b cr |2 rdacarrier | ||
| 347 | |a text file |2 rdaft | ||
| 347 | |b PDF | ||
| 490 | 1 | |a Colección ciencia para México | |
| 504 | |a Includes bibliographical references. | ||
| 588 | 0 | |a Online resource; title from PDF title page (Digitalia, viewed June 15, 2024) | |
| 651 | 0 | |a Mexico |x Emigration and immigration |x Economic aspects. | |
| 651 | 0 | |a Mexico |x Emigration and immigration |x Social aspects. | |
| 700 | 1 | |a Chávez, Mónica, |e author. | |
| 700 | 1 | |a Gaspar Olvera, Selene, |e author. | |
| 776 | 0 | 8 | |i Print version: |a Delgado Wise, Raúl, 1950- |t Migración mexicana altamente calificada de cara al siglo XX. |b Primera edición. |d Ciudad de México : Fondo de Cultura Económica, 2022 |z 9786071677686 |
| 791 | 2 | |a Digitalia (Firm), |e distributor. | |
| 793 | 0 | |g Digitalia eBook Collection: |a Fondo de Cultura Económica | |
| 830 | 0 | |a Colección ciencia para México. | |
| 856 | 4 | 0 | |3 Digitalia Hispánica |u https://digitalia.unach.elogim.com/a/134137/ |
| 910 | |a Premium collection: 2024 | ||